Statistics for Countries starting with U quiz

Click here to take the quiz!

General Stats

  • This quiz has been taken 28 times
  • The average score is 5 of 6

Answer Stats

Country (starts with U)% Correct
Uganda
96%
United Kingdom
92%
Uruguay
88%
United Arab Emirates
85%
Uzbekistan
81%
Ukraine
77%

Score Distribution

Percentile by Number Answered

Percent of People with Each Score

Your Score History

You have not taken this quiz